000 00562nam a2200193Ia 4500
003 LK-CoDNM
005 20240314122847.0
008 010623t1939 xxu||||| |||| 00| 1 Pali d
040 _aLK-CoDNM
_dLK-CoDNM
_eLK-CoDNM
041 _aPali
080 _a104 EE26
245 _aශ්‍රී සද්ධර්මය.පාළි ත්‍රිපිටකය
246 _aSri Saddharmaya.Paali thipitakaya
260 _bSinhala samaya press
_aColombo
_c1939
300 _bDamaged
_a53p.,21 cm
650 _aBuddhist
650 _aThripitakaya
942 _cBK
999 _c99476
_d99476